Ethnic Competition and Specialization IZA DP No. 3167

Salvato in:
Dettagli Bibliografici
Autore principale: Kahanec, Martin, 1977-
Natura: Libro
Lingua:inglese
Pubblicazione: Bonn IZA 2007
Edizione:1st Edition
Soggetti:
Tags: Aggiungi Tag
Nessun Tag, puoi essere il primo ad aggiungerne!!

MARC

LEADER 00000nlm a2200000 4500
001 0307520
005 20250307081056.6
041 0 |a eng 
044 |a DE 
245 1 0 |a Ethnic Competition and Specialization  |b IZA DP No. 3167  |c Martin Kahanec 
250 |a 1st Edition 
264 1 |a Bonn  |b IZA  |c 2007 
300 |a 34 s. 
610 2 0 |a kapitál ľudský 
610 2 0 |a etnikum 
610 2 0 |a menšiny národnostné 
610 2 0 |a trh práce 
610 2 0 |a spillover 
100 1 |a Kahanec, Martin, 1977-